000 01184nam a2200265Ia 4500
999 _c40524
_d40524
001 7135
003 GE_BSU
005 20231005172144.0
008 181216s2011||||ge |||||||||||||| ||geo||
020 _a9789941192524
040 _cGE_BSU
041 _ageo
080 _a821.353.1-31+821.353.1-6+821.353.1-94 ტ-15
100 _aტაბიძე, გალაკტიონ
_920009
245 _aპროზა. წერილები. დღიურები. ტ.4 :
_b[ხუთტომეული] /
_cგალაკტიონ ტაბიძე ; [სარედ. ჯგ. ზ. აბაშიძე, მ. ჯანელიძე, ი. ხარშილაძე]. .
264 _aთბილისი :
_bპალიტრა L,
_c2011.
300 _a320 გვ. :
_bფოტო-პორტრეტი გარეკანზე ;
_c20 სმ.
490 _aჩემი რჩეული
_vტ.9
_xISSN2233-3037
541 _h8ლ.
653 _aპროზა
653 _aწერილები
653 _aდღიურები
700 _aაბაშიძე, ზურაბ
_eრედაქტორი
_91322
942 _cBK
_2udc